| 000 | 00406nam a22001697a 4500 | ||
|---|---|---|---|
| 005 | 20260406121440.0 | ||
| 008 | 260406b |||||||| |||| 00| 0 eng d | ||
| 020 | _a9789385444401 | ||
| 041 | _aEnglish | ||
| 082 | _a347.06 BHA | ||
| 100 | _aBhargava, M L | ||
| 245 | _aFinger Print Evidence | ||
| 260 |
_aNew Delhi: _b Kamal Publishers, _c2018. |
||
| 300 | _a352 p | ||
| 650 | _aEvidence | ||
| 942 | _cDB | ||
| 999 |
_c9601 _d9601 |
||